00378nam a2200109Ia 4500008004100000050002200041100002800063245004200091260008600133300003300219521001600252140724s9999 xx 000 0 und d aHD 60b.R788 2012 aRosal, Ma Shalla Mae P. aBap House /cMa. Shalla Mae P. Rosal. aLas Piñas, Philippines :bSouthville International School and Colleges,cc2012. a54 p. :bcol. ill. ;c28 cm. aEntrepeneur